Otázky a odpovede zo skúšok daňových poradcov 2018-2021 (s riešeniami)

Podrobná bibliografia
Médium: Kniha
Jazyk:slovenčina
Fyzický popis:114 strán tabuľky 30 cm
Vydavateľské údaje: [Bratislava] [Akadémia daňových poradcov] [2021]
ISBN:9788097379551
Predmet:

MARC

LEADER 00000cam a2200000 4500
001 vtls012126900
003 SK-MaSNL
005 20260302062223.0
008 220314s2021 xo l erf 000 0 slo
015 |a SNBA2022/07 
020 |a 9788097379551  |q (brožované) 
040 |a SNK  |b slo  |c SNK  |e rda 
041 0 |a slo 
044 |a xo  |c SK 
072 7 |a 336.1/.5  |x Verejné financie  |2 konspekt 
080 |a 377.091.274/.276  |2 2011 
080 |a 336.22:659.23  |2 2011 
080 |a [336.22:659.23]-051  |2 2011 
080 |a (079.1)  |2 2011 
080 |a (035)  |2 2011 
245 0 0 |a Otázky a odpovede zo skúšok daňových poradcov 2018-2021  |b (s riešeniami) 
264 1 |a [Bratislava]  |b [Akadémia daňových poradcov]  |c [2021] 
300 |a 114 strán  |b tabuľky  |c 30 cm 
336 |a text  |b txt  |2 rdacontent 
337 |a bez média  |b n  |2 rdamedia 
338 |a zväzok  |b nc  |2 rdacarrier 
500 |a Vydavateľské údaje podľa NA ISBN 
500 |a Názov z obalu 
648 7 |a 2018-2021  |2 SNKPH  |9 595157 
650 0 7 |a daňové poradenstvo  |2 SNKPH  |9 69630 
650 0 7 |a daňoví poradcovia  |2 SNKPH  |9 78641 
650 0 7 |a odborné skúšky  |2 SNKPH  |9 86923 
650 0 7 |a Tax consulting services  |2 SNKPHeng  |9 319911 
650 0 7 |a Tax consultants  |2 SNKPHeng  |9 319912 
650 0 7 |a Vocational examinations  |2 SNKPHeng  |9 319913 
655 7 |a testy  |2 SNKPH  |9 70500 
655 7 |a príručky  |2 SNKPH  |9 74364 
655 7 |a Tests  |2 SNKPHeng  |9 303179 
655 7 |a Handbooks, manuals, etc.  |2 SNKPHeng  |9 90964 
919 |a 978-80-973795-5-1 
954 |a odborná, vedecká literatúra pôvodná (slovenská)  |2 lita 
999 |c 1128426  |d 1130356 
952 |a SNK  |b SNK  |y PREZ  |7 0  |p 17A1480069  |o snkSB 97841  |i snk2022/3853  |8 0  |0 0  |1 0  |4 0  |d 2022-03-14  |f 1  |l 0  |r 2025-05-16 00:00:00  |w 2026-02-24 
952 |a SNK  |b SNK  |y VYP  |7 0  |p 17A1480070  |o snkSB 97841 D1  |i snk2022/3854  |8 0  |0 0  |1 0  |4 0  |d 2022-03-14  |l 0  |r 2026-02-24 18:53:18  |w 2026-02-24